Logo de marques de vêtements #1 - Statistiques

Statistiques générales
  • Ce quiz a été pris 2 019 fois
  • Le résultat moyen est 10 sur 16
Statistiques - réponses
Par images Réponse % Correct
Nike
100%
Adidas
98%
Lacoste
98%
Puma
98%
New Balance
96%
Gucci
88%
Louis Vuitton
88%
Asics
83%
Ralph Lauren
83%
Timberland
68%
Hollister
49%
Crocs
36%
Patta
30%
Columbia
9%
DivinByDivin
7%
Hermès Paris
6%
Aucun quiz correspondant
Distribution des résultats
% des personnes avec chaque résultat
Percentile par nombre de réponses
Votre historique - résultats
Vous n’avez pas pris ce quiz